000 00620cam a2200145 4500500
005 20251228082924.0
041 _afre
042 _adc
100 1 0 _aQuint, Anne-Marie
_eauthor
245 0 0 _a« Vícios, virtudes e algumas paixões », Península. Revista de Estudos Ibéricos, Instituto de Estudos Ibéricos, Faculdade de Letras da Universidade do Porto, no 3, 2006, 332 p.
260 _c2007.
500 _a68
786 0 _nDix-septième siècle | 236 | 3 | 2007-09-01 | p. 567e-594e | 0012-4273
856 4 1 _uhttps://shs.cairn.info/revue-dix-septieme-siecle-2007-3-page-567e?lang=fr&redirect-ssocas=7080
999 _c1600129
_d1600129